000
00292 a2200133 4500
001
153908
040
_c
Escola São Tomás de Aquino
240
1
0
_a
Bambi
_l
por
245
1
0
_a
Bambi
362
0
_a
2010
440
1
_a
Difusão Cultural do Livro
697
_a
*LITERATURA INFANTIL
942
_c
BK
999
_c
153908
_d
153908